书目信息 |
| 书名: | Grammar | |
| 作者: | [by] Frank Palmer. | |
| 分册号: | ||
| 分册名: | 出版地: | Harmondsworth : |
|
| 出版社: | Penguin | |
| 出版时间: | 1971. | |
| 页数: | 200 p. : | |
| 开本: | 18 cm. | |
| 丛书名: | ||
| 中图分类号: | ||
| 科图分类号: | ||
| 其他分类号: | H314 | |
| 主题词: | ||
| 电子资源: | ||
| 000 | 00683cam 2200253 45x0 | |
| 001 | E0757956108 | |
| 003 | OCoLC | |
| 005 | 20070209160614.96 | |
| 008 | 030402s1971 enka b 001 0 eng | |
| 010 | @a 72180968 //r85 | |
| 015 | @aB71-29876 | |
| 020 | @a0140213333. | |
| 040 | @aDLC@cDLC | |
| 050 | 00 | @aP201@b.P3 |
| 082 | @a415 | |
| 090 | @aH314 | |
| 099 | @dH314@ex9 | |
| 100 | 1 | @aPalmer, F. R.@q(Frank Robert) |
| 245 | 10 | @aGrammar / @c[by] Frank Palmer. |
| 260 | @aHarmondsworth :@bPenguin,@c1971. | |
| 300 | @a200 p. :@billus. ;@c18 cm. | |
| 490 | 0 | @aPelican books |
| 504 | @aBibliography: p. 197. | |
| 650 | 0 | @aGrammar, Comparative and general. |
| Grammar / / [by] Frank Palmer.-Harmondsworth : : Penguin, , 1971. |
| 200 p. : : illus. ; ; 18 cm.- (Pelican books ) |
| Bibliography: p. 197. |
| ISBN 0140213333. |
| ● |
| 相关链接 |
|
|
|
|
正题名:Grammar
索取号:H314/x9
 
预约/预借
| 序号 | 登录号 | 条形码 | 馆藏地/架位号 | 状态 | 备注 |
| 1 | 180670 | 001047708 | 第二样本阅览室/ [索取号:H314/x9] | 在馆 | |
| 2 | 180671 | 001047682 | 第四借阅区/ [索取号:H314/x9] | 在馆 | |
| 3 | 180672 | 001047673 | 第四借阅区/ [索取号:H314/x9] | 在馆 | |
| 4 | 180673 | 001047717 | 第四借阅区/ [索取号:H314/x9] | 在馆 | |
| 5 | 180674 | 001047691 | 第四借阅区/ [索取号:H314/x9] | 在馆 |